Holiday Quiz

Random Holiday or Judaism Quiz

People in Adam Sandler's 'The Chanukah Song' Quiz Stats

 Plays Quiz Updated Dec 9, 2018

     
Support Sporcle.
Go Orange.
Score 0/20 Timer 05:00
0 Plays Today
% Correct
Mr. Spock
93.5%
Tom Cruise
92.5%
Me (Adam Sandler)
91.5%
Harrison Ford
90.5%
Captain Kirk
88.5%
All Three Stooges
87.8%
Arthur Fonzarelli
86.9%
O.J. Simpson
85.6%
Ebenezer Scrooge
73.5%
Goldie Hawn
73%
% Correct
Kirk Douglas
72.2%
Paul Newman
71.1%
David Lee Roth
64.3%
James Caan
62.6%
Rod Carew
55.6%
Dinah Shore
47.1%
Bowzer from Sha Na Na
46.3%
Dear Abby
42.2%
Ann Landers
40.9%
Owner of the Seattle SuperSonics
10.1%

From the Vault

Planets from the Sun

by Derek

Science 2m
Pluto will always be a planet to us.
Remove Ads.
Support Sporcle.
Get the best of Sporcle when you Go Orange. This ad-free experience offers more features, more stats, and more fun while also helping to support Sporcle. Thank you for becoming a member.

Show Comments

Extras

Top Quizzes Today


Score Distribution

Your Account Isn't Verified!

In order to create a playlist on Sporcle, you need to verify the email address you used during registration. Go to your Sporcle Settings to finish the process.

Report this User

Report this user for behavior that violates our Community Guidelines.

Details: